| 000 | 03438nam a2200301 a 4500 | ||
|---|---|---|---|
| 001 | |||
| 003 | DO-SdBNP | ||
| 005 | 20220222124231.0 | ||
| 008 | 090902t2005 dr 001 p spa d | ||
| 020 | _a9993439398 | ||
| 040 |
_aDO-SdBNP _bspa _cBPMSU |
||
| 082 |
_aRD861.4409 _bM351A 2005 _222 |
||
| 245 | 0 | 0 |
_aAnatomía de un poeta : _baproximaciones críticas a José Mármol / _ceditor Carlos X. Ardavín. |
| 260 |
_aSanto Domingo : _bLibrería la Trinitaria, _c2005. |
||
| 300 |
_a262 p. ; _c23 cm. |
||
| 500 | _aIncluye datos biográficas de José Mármol en la contracubierta | ||
| 500 | _aIncluye referencias bibliográfica y notas a pie de páginas. | ||
| 504 | _aBibliografía : p. 31-36. | ||
| 505 | 0 |
_gIntroducción : _tSistema referido a José Mármol / _rCarlos X. Ardavín -- _gEl Ojo del Arúspice : _tEl ojo del arúspice o la suerte de la muerte / _rManuel García Cartagena -- _tEl ojo del arúspice o una mirada desde lo presente / _rSoledad Álvarez -- _gEncuentro con las Mismas Otredades : _tSalutación a José Mármol / _rManuel Núñez -- _gLa intervención del día -- _tPoesía y pensamiento / _rBruno Rosario Candelier -- _tLa poesía de José Mármol / _rEduardo Moga -- _tPensar desde el poema / _rJosé Ángel Cilleruelo -- _tLas aguas detenidas / _rJosé María Castrillón -- _gDeus ex machina -- _tDeus ex machina o los demonios azuzados de José Mármol / _rMaricécili Mora Ramis -- _tEl poder de la palabra y sus señales: las claves de una constitución poética / _rJosé Rafael Lantigua -- _tDeus ex machina / _rManuel Mora Serrano -- _tEl primer sofisma del poeta / _rCamilo Venegas -- _gÉtica del poeta. Lengua de paraíso -- _tEl permanente vuelo de José Mármol / _rJeannette Miller -- _tÉtica y poesía / _rFernando Cabrera -- _tLengua de paraíso / _rLaura Gil Fiallo -- _gPremisas para morir. Criatura del aire -- _tUn aforista irreverente / _rPlinio Chahín -- _tEl alto vuelo de un poeta / _rMaría del Carmen Prodoscimi -- _tEsa soledad más grande que la vida / _rRené Rodríguez Soriano -- _gLas pestes del lenguaje. El placer de lo nimio. Antología poética -- _tEl joven consagrado / _rLuis Beiro -- _tLa pasión de la totalidad: poesía y prosa de José Mármol / _rJosé Alcántara Almánzar -- _tLa ensayística de José Mármol / _rGiovanni Di Pietro -- _tConfesiones y observaciones de un poeta pensador / _rCarlos X. Ardavín -- _gEl poeta y su generación -- _tJosé Mármol y la poética de los ochentas / _rPedro Conte Sturla -- _tEl pensar en la poesía y la generación de los 80 / _rEloy Alberto Tejera -- _gValoraciones generales -- _tLas meditaciones de José Mármol como temor al yo / _rMiguel D. Mena -- |
|
| 505 | 0 |
_aLa poesía de José Mármol / _rMiguel Ángel Fornerín -- _tEl alquimista delirante / _rBasilio Belliard -- _tCómo dibujar un pájaro que sea su propio vuelo (apuntes sobre la poesía de José Mármol) / _rMédar Serrata -- _tEl oriente y la invención del punto en la poesía de José Mármol / _rMaría Poumier -- _tEl segundo desafío: exégesis sorprendida de una travesía fluvial en dos odas atormentadas / _rMario Arvelo Caamaño -- _gElogio de José Mármol -- _tJosé Mármol y yo / _rEnriquilo Sánchez |
|
| 590 | _aInventariado, 2021/VM | ||
| 600 | 1 | 4 |
_aMármol, José _d1961- _xCrítica e interpretación |
| 650 | 4 |
_aPoesía dominicana _xHistoria y crítica |
|
| 650 | 4 | _aLiteratura dominicana. | |
| 700 | 1 |
_aArdavín, Carlos X., _d1967-, _eed. |
|
| 910 | _aVMateo V. | ||
| 942 |
_2ddc _cBK |
||
| 999 |
_c13741 _d13741 |
||